Statistics for 2017 Gibraltar Darts Trophy Countries

Click here to take the quiz!

General Stats

  • This quiz has been taken 12 times
  • The average score is 9 of 13

Answer Stats

PlayersCountry% Correct
21England
88%
2Wales
88%
2Scotland
88%
2Germany
88%
5Netherlands
75%
2Australia
75%
1Northern Ireland
75%
1Spain
75%
4Belgium
63%
1Poland
63%
5Gibraltar
50%
1Austria
50%
1Sweden
50%

Score Distribution

Percentile by Number Answered

Percent of People with Each Score

Your Score History

You have not taken this quiz